Vatai László: A szubjektív életérzés filozófiája (Dosztojevszkij) [recenzió]
Elmentve itt :
| Szerző: | |
|---|---|
| Adatforrás: | Philobibl |
| Forrásdokumentuma: | Szellem és Élet 1942/4 236-238. p. |
| Dokumentumtípus: | Cikk |
| Nyelv: | magyar |
| LEADER | 00335nab a2200097 c 4500 | ||
|---|---|---|---|
| 001 | bibDOK00011852 | ||
| 005 | 20200924120723.3 | ||
| 008 | 060518s1942 hu hun | ||
| 100 | 1 | |a Tankó Béla | |
| 245 | 1 | 0 | |a Vatai László: A szubjektív életérzés filozófiája (Dosztojevszkij) |b [recenzió] |c Tankó Béla |
| 773 | 0 | |t Szellem és Élet 1942/4 |g 236-238. p. | |